| 000 | 01622pam a2200265 a 4500 | ||
|---|---|---|---|
| 999 |
_c8884 _d8884 |
||
| 001 | 53331647 | ||
| 003 | OCoLC | ||
| 005 | 20241126110700.0 | ||
| 008 | 031027s2004 ilu b 001 0 eng | ||
| 010 | _a2003023631 | ||
| 020 | _a1581345615 | ||
| 040 |
_aDLC _cDLC _dIG# _dBSC |
||
| 082 |
_a239 _bGEI |
||
| 092 |
_a239 _bG313i |
||
| 100 | 1 |
_aGeisler, Norman L. _988 |
|
| 245 | 1 | 0 |
_aI don't have enough faith to be an atheist / _cNorman L. Geisler, Frank Turek ; foreword by David Limbaugh. |
| 260 |
_aWheaton, Ill. : _bCrossway Books, _cc2004. |
||
| 300 |
_a447 ; _c22 cm. |
||
| 504 | _aIncludes bibliographical references (p. [412]-435) and index. | ||
| 505 | 0 | _aPreface: How much faith do you need to believe this book? -- Introduction: Finding the box top to the puzzle of life -- Can we handle the truth? -- Why should anyone believe anything at all? -- In the beginning there was a great surge -- Divine design -- The first life, natural law or divine awe? -- New life forms, from the goo to you via the zoo? -- Mother Teresa vs. Hitler -- Miracles, signs of God or gullibility? -- Do we have early testimony about Jesus? -- Do we have eyewitness testimony about Jesus? -- The top ten reasons we know the New Testament writers told the truth -- Did Jesus really rise from the dead -- Who is Jesus, God or just a great moral teacher? -- What did Jesus teach about the Bible? -- Conclusion: The judge, the Servant King, and the box top. | |
| 650 | 0 |
_aApologetics. _985 |
|
| 700 | 1 |
_aTurek, Frank. _915600 |
|
| 856 | 4 | 1 |
_3Table of contents _uhttp://www.loc.gov/catdir/toc/ecip0410/2003023631.html |
| 942 |
_2ddc _cBK _016 |
||